000 00476nam a22001577a 4500
003 OSt
005 20240416123612.0
008 240416b |||||||| |||| 00| 0 eng d
040 _cMRSPTU
100 _aBartred Rasel (ਬਰਟਰੈਂਡ ਰਸਲ)
245 _aVigyan de Samaj Uper Parbhav (ਵਿਗਿਆਨ ਦੇ ਸਮਾਜ ਉੱਪਰ ਪ੍ਰਭਾਵ)
250 _a1st
260 _aPunjab
_bTarkbharti Parkashan
_c2007
300 _a128
942 _2ddc
_cBK
_n0
999 _c10055
_d10055